[Event "IEWCC"]
[Site "Istanbul TUR"]
[Date "2003.06.02"]
[Round "1"]
[White "Koskela,N"]
[Black "Skripchenko,A"]
[Result "0-1"]
[WhiteElo "2312"]
[BlackElo "2501"]
[EventDate "2003.06.02"]

1. e4 c5 2. Nf3 e6 3. d3 Nc6 4. g3 d6 5. Bg2 Nf6 6. O-O Be7 7. Re1 O-O 8.
c3 Bd7 9. Nbd2 Rc8 10. a3 b5 11. d4 e5 12. dxe5 dxe5 13. Nf1 h6 14. Qc2 Be6
15. Be3 Nd7 16. Qe2 c4 17. h3 Qc7 18. g4 Na5 19. Red1 Nb3 20. Rab1 Rfd8 21.
Ng3 Ndc5 22. Ne1 Bg5 23. Nf5 Na4 24. Bxg5 hxg5 25. Ne3 Nb6 26. Bf3 g6 27.
Rxd8+ Rxd8 28. Rd1 Re8 29. N3c2 Kg7 30. Na1 Nc5 31. Bg2 Re7 32. Qe3 f6 33.
Bf1 Nba4 34. Rd2 Rd7 35. f3 Qd8 36. Rxd7+ Qxd7 37. Qe2 Bf7 38. Ng2 Nd3 39.
b4 Nxc3 40. Qd2 Qd4+ 41. Kh2 Nf4 42. Qe1 Nxg2 43. Bxg2 Qd3 44. Kg3 Ne2+ 45.
Kf2 Nf4 0-1

[Event "IEWCC"]
[Site "Istanbul TUR"]
[Date "2003.06.02"]
[Round "1"]
[White "Galliamova,A"]
[Black "Djingarova,E"]
[Result "1-0"]
[WhiteElo "2489"]
[BlackElo "2310"]
[EventDate "2003.06.02"]

1. d4 d5 2. c4 c6 3. Nf3 Nf6 4. Nc3 a6 5. a4 e6 6. Bg5 a5 7. g3 Be7 8. Bg2
Na6 9. O-O Nb4 10. Ne5 h6 11. Bf4 O-O 12. e4 b6 13. Re1 Bb7 14. Qe2 dxc4
15. Nxc4 Ba6 16. Rad1 Rc8 17. Bf1 b5 18. axb5 cxb5 19. Ne3 Qb6 20. d5 exd5
21. e5 Nh7 22. Ncxd5 Qa7 23. Nxe7+ Qxe7 24. Nf5 Qa7 25. Qg4 1-0

[Event "IEWCC"]
[Site "Istanbul TUR"]
[Date "2003.06.02"]
[Round "1"]
[White "Velikhanli,F"]
[Black "Matveeva,S"]
[Result "0-1"]
[WhiteElo "2305"]
[BlackElo "2474"]
[EventDate "2003.06.02"]

1. e4 e6 2. d4 d5 3. Nc3 Bb4 4. e5 c5 5. Bd2 Ne7 6. Nb5 Bxd2+ 7. Qxd2 O-O
8. f4 a6 9. Nd6 cxd4 10. Nxc8 Qxc8 11. Nf3 Nd7 12. Nxd4 Nc6 13. O-O-O Qc7
14. Kb1 Nc5 15. Qe3 Nxd4 16. Rxd4 Rac8 17. Bd3 b5 18. Re1 Nxd3 19. Qxd3 Qb6
20. Rd1 Rc4 21. c3 g6 22. Qg3 Rfc8 23. a3 a5 24. Qd3 b4 25. cxb4 axb4 26.
Rxc4 Rxc4 27. g3 bxa3 28. Qxa3 Qf2 29. Rc1 Rxc1+ 30. Kxc1 Qg1+ 31. Kc2
Qxh2+ 32. Kb1 Qe2 33. Qc3 Qe4+ 34. Ka2 d4 35. Qc8+ Kg7 36. Qd8 h6 37. Qf6+
Kg8 38. Qd8+ Kh7 39. Qf8 Qd5+ 40. Kb1 Qb7 41. Kc2 Qg2+ 42. Kc1 Qf1+ 43. Kd2
Qf2+ 44. Kd1 Qf3+ 45. Kd2 Qe3+ 46. Kd1 Qb3+ 47. Kc1 Qb7 48. b4 g5 49. fxg5
hxg5 50. g4 Qf3 51. Kd2 Qe3+ 52. Kd1 Qf2 53. Qa8 Qf1+ 54. Kd2 Qc4 55. Qe4+
Kg7 56. b5 Qc3+ 57. Ke2 Qb2+ 58. Kf3 Qb3+ 59. Kf2 Qb2+ 60. Qe2 Qc3 61. b6
Qb4 62. Qa6 Qb2+ 63. Kf3 Qb3+ 64. Ke2 Qc2+ 65. Kf3 d3 66. Qa1 d2 0-1

[Event "IEWCC"]
[Site "Istanbul TUR"]
[Date "2003.06.02"]
[Round "1"]
[White "Tkeshelashvili,S"]
[Black "Zhukova,N"]
[Result "1-0"]
[WhiteElo "2293"]
[BlackElo "2448"]
[EventDate "2003.06.02"]

1. d4 d5 2. c4 c6 3. Nf3 Nf6 4. e3 Bf5 5. Nc3 e6 6. Nh4 Be4 7. f3 Bg6 8.
Qb3 Qb6 9. Nxg6 hxg6 10. Bd2 Nbd7 11. cxd5 exd5 12. Bd3 Bd6 13. h3 Bg3+ 14.
Ke2 Nh5 15. Qxb6 axb6 16. f4 f5 17. Kf3 Ndf6 18. h4 Ne4 19. Bxe4 dxe4+ 20.
Ke2 Kf7 21. Rh3 c5 22. d5 Rad8 23. a4 Bxh4 24. Rxh4 Ng3+ 25. Kf2 Rxh4 26.
Kxg3 Rdh8 27. Kf2 Rh1 28. Ra3 c4 29. Be1 R1h2 30. Ne2 Ra8 31. a5 bxa5 32.
Rxa5 Rxa5 33. Bxa5 Rh8 34. Nc3 Ra8 35. Bb4 Ke8 36. Nb5 Kd7 37. Bc5 Rc8 38.
Bd4 Ra8 39. Bc3 Rc8 40. Bxg7 Rc5 41. Nc3 Ra5 42. Bf8 Ra1 43. Ba3 Rc1 44. g3
Rh1 45. Kg2 Re1 46. Kf2 Rh1 47. Kg2 Re1 48. Kf2 1-0

[Event "IEWCC"]
[Site "Istanbul TUR"]
[Date "2003.06.02"]
[Round "1"]
[White "Kovalevskaya,E"]
[Black "Medic,Mir"]
[Result "1-0"]
[WhiteElo "2447"]
[BlackElo "2290"]
[EventDate "2003.06.02"]

1. e4 e6 2. d4 d5 3. Nc3 Bb4 4. exd5 exd5 5. Bd3 Nc6 6. a3 Be7 7. Be3 Nf6
8. b3 Be6 9. Qf3 Qd7 10. Nge2 a6 11. Ng3 O-O-O 12. Nf5 Ne8 13. Nxe7+ Nxe7
14. O-O-O h6 15. Rhe1 g5 16. Qe2 Nd6 17. g4 Rde8 18. f4 gxf4 19. Bxf4 Ng6
20. Be5 Rhg8 21. Qd2 f5 22. Bxd6 1-0

[Event "IEWCC"]
[Site "Istanbul TUR"]
[Date "2003.06.02"]
[Round "1"]
[White "Nill,J"]
[Black "Sedina,E"]
[Result "1/2-1/2"]
[WhiteElo "2271"]
[BlackElo "2434"]
[EventDate "2003.06.02"]

1. d4 Nf6 2. c4 c6 3. Nf3 d5 4. e3 a6 5. Qc2 g6 6. Bd3 Bg7 7. O-O O-O 8.
Nbd2 Nbd7 9. b3 c5 10. Bb2 b6 11. Rad1 Bb7 12. Qb1 Re8 13. Rfe1 e6 14. h3
Qc7 15. e4 dxe4 16. Nxe4 Nxe4 17. Bxe4 Bxe4 18. Rxe4 cxd4 19. Bxd4 Nc5 20.
Re2 Bxd4 21. Rxd4 Rad8 22. Red2 Rxd4 23. Rxd4 e5 24. Rd5 e4 25. Ne5 f5 26.
Qd1 Ne6 27. Rd7 Qc5 28. Rd5 Qc7 1/2-1/2

[Event "IEWCC"]
[Site "Istanbul TUR"]
[Date "2003.06.02"]
[Round "1"]
[White "Sikorova,O"]
[Black "Cmilyte,V"]
[Result "0-1"]
[WhiteElo "2261"]
[BlackElo "2430"]
[EventDate "2003.06.02"]

1. f4 d5 2. b3 g6 3. Bb2 Nf6 4. Nf3 Bg7 5. e3 c5 6. Bb5+ Nbd7 7. O-O O-O 8.
Bxd7 Qxd7 9. Qe1 b6 10. d3 Bb7 11. Nbd2 Rad8 12. Qh4 d4 13. e4 Ng4 14. Nc4
b5 15. Nce5 Nxe5 16. Nxe5 Qc7 17. a4 a6 18. Rf3 Bc8 19. Qg3 f6 20. Ng4 Bxg4
21. Qxg4 f5 22. exf5 Rxf5 23. axb5 axb5 24. g3 Rdf8 25. Raf1 c4 26. bxc4
bxc4 27. R3f2 c3 28. Bc1 Qc6 29. Ba3 Re8 30. Re1 e5 31. Qf3 Qxf3 32. Rxf3
Ra8 33. Bd6 exf4 34. Rxf4 Rd5 35. Be7 Bh6 36. Rfe4 Be3+ 37. Kg2 Ra2 38. Re2
Ra1 39. h4 Rg1+ 40. Kh2 Rd1 41. Bf6 Rd2 42. Rg2 h6 43. Be5 Kf7 44. Bf4 Bxf4
45. Rxf4+ Ke6 46. Rff2 Rd1 47. Re2+ Re5 48. Rxe5+ Kxe5 49. Re2+ Kd5 50. Kg2
Kc5 51. Kf3 Kd5 52. Kf2 h5 53. Kf3 Rf1+ 54. Kg2 Rc1 55. Kf3 Kc5 56. Ke4 Rg1
57. Kf3 Kb4 58. Re4 Ka3 59. Rxd4 Kb2 60. Rd6 Kxc2 61. Rxg6 Kd2 62. Rc6 c2
63. d4 c1=Q 64. Rxc1 Rxc1 65. g4 Kd3 66. Kf4 Rf1+ 67. Kg5 hxg4 68. Kxg4
Kxd4 69. h5 Ke5 70. Kg5 Rg1+ 71. Kh6 Kf6 0-1

[Event "IEWCC"]
[Site "Istanbul TUR"]
[Date "2003.06.02"]
[Round "1"]
[White "Zielinska,Mar"]
[Black "Krivec,J"]
[Result "1/2-1/2"]
[WhiteElo "2430"]
[BlackElo "2256"]
[EventDate "2003.06.02"]

1. Nf3 d5 2. b3 Nf6 3. Bb2 e6 4. e3 Be7 5. d4 O-O 6. Nbd2 b6 7. Bd3 Bb7 8.
Qe2 Nbd7 9. O-O Ne4 10. c4 f5 11. Rac1 c6 12. Rfd1 a5 13. a3 Qe8 14. Nf1
Rf6 15. Ne5 Nxe5 16. dxe5 Rf8 17. Bxe4 fxe4 18. Qg4 Qf7 19. Rd2 h5 20. Qh3
Rad8 21. cxd5 Rxd5 22. Rdc2 Ba6 23. Ng3 Bd3 24. Rxc6 Qxf2+ 25. Kh1 Rc5 26.
Qxe6+ Kh8 27. R6xc5 Bxc5 28. Bd4 Bxd4 29. exd4 e3 30. Qxb6 e2 31. Nxe2 Qxe2
32. h3 Rf1+ 33. Rxf1 Qxf1+ 34. Kh2 Qf4+ 35. Kg1 Qe3+ 36. Kh2 Qf4+ 37. Kg1
Qe3+ 38. Kh2 Qf4+ 1/2-1/2

[Event "IEWCC"]
[Site "Istanbul TUR"]
[Date "2003.06.02"]
[Round "1"]
[White "Khurtsidze,N"]
[Black "Calzetta,M"]
[Result "1-0"]
[WhiteElo "2427"]
[BlackElo "2253"]
[EventDate "2003.06.02"]

1. d4 Nf6 2. c4 c5 3. d5 b5 4. cxb5 a6 5. b6 e6 6. Nc3 Nxd5 7. Nxd5 exd5 8.
Qxd5 Nc6 9. Nf3 Rb8 10. e4 Be7 11. Bc4 O-O 12. Bd2 Rxb6 13. O-O Bb7 14. Qh5
Qb8 15. Rad1 Nd4 16. Nxd4 cxd4 17. Bc1 Bxe4 18. Rxd4 Bg6 19. Qg5 d6 20. Qe3
Bf6 21. Rdd1 Rc6 22. Rd5 Qc8 23. Qa3 h6 24. h3 Re8 1-0

[Event "IEWCC"]
[Site "Istanbul TUR"]
[Date "2003.06.02"]
[Round "1"]
[White "Pokorna,Reg"]
[Black "Dergatschova Daus,A"]
[Result "1/2-1/2"]
[WhiteElo "2418"]
[BlackElo "2250"]
[EventDate "2003.06.02"]

1. e4 e5 2. Nf3 Nc6 3. d4 exd4 4. Nxd4 Nf6 5. Nc3 Bb4 6. Nxc6 bxc6 7. Bd3
d5 8. exd5 cxd5 9. O-O O-O 10. Bg5 Bxc3 11. bxc3 h6 12. Bf4 Be6 13. h3 c5
14. Re1 Qa5 15. Qf3 c4 16. Bf1 Ne4 17. Be5 Qa4 18. Qd1 f6 19. Bd4 Bf7 20.
Be2 Rab8 21. Rb1 a6 22. Bg4 Qxa2 23. Ra1 Qb2 24. f3 Nd6 25. Rxa6 Nb5 26.
Qd2 Nxd4 27. cxd4 Rfe8 28. Be6 Bxe6 29. Raxe6 Rxe6 30. Rxe6 Ra8 31. Kh2 Ra2
32. Re2 Qb8+ 33. f4 Kh7 34. Qe3 Qd6 35. Qf3 Qd7 36. f5 Qd6+ 37. g3 Ra7 38.
Re6 Qb4 39. Re2 Qd6 40. h4 Rf7 41. Re6 Qd7 42. Qe2 Qa7 43. c3 Qa3 44. Re8
Rf8 45. Re3 Qc1 46. Qf3 Rb8 47. Kh3 Rb1 48. Re7 Qf1+ 49. Qxf1 Rxf1 50. Kg4
Rc1 51. Re3 Kg8 52. Re8+ Kf7 53. Re3 Rf1 54. h5 Rc1 55. Kh3 Rc2 56. g4 Kf8
57. Kg3 Kf7 58. Kf4 Kf8 59. Kf3 Rh2 60. Kf4 Rf2+ 61. Kg3 Rf1 62. Kg2 Rc1
63. Kf2 Rc2+ 64. Kf1 Kf7 65. Kg1 Kf8 66. Kf1 Kf7 67. Kg1 Kf8 1/2-1/2

[Event "IEWCC"]
[Site "Istanbul TUR"]
[Date "2003.06.02"]
[Round "1"]
[White "Kosintseva,N"]
[Black "Velcheva,M"]
[Result "0-1"]
[WhiteElo "2417"]
[BlackElo "2249"]
[EventDate "2003.06.02"]

1. e4 e5 2. Nf3 Nc6 3. d4 exd4 4. Nxd4 Bc5 5. Be3 Qf6 6. Nb5 Bxe3 7. fxe3
Qh4+ 8. g3 Qxe4 9. Nxc7+ Kd8 10. Nxa8 Qxh1 11. Qd2 Qe4 12. Nc3 Qe5 13.
O-O-O Nf6 14. Nb5 Re8 15. Nd6 Re7 16. Bg2 Ne8 17. Nc4 Qc5 18. Qc3 b5 19.
Bxc6 bxc4 20. Bd5 Qxe3+ 21. Qxe3 Rxe3 22. Kd2 Re5 23. Kc3 Nf6 24. Bh1 d5
25. Kd4 Re7 26. g4 Bb7 27. g5 Ne4 0-1

[Event "IEWCC"]
[Site "Istanbul TUR"]
[Date "2003.06.02"]
[Round "1"]
[White "Galojan,L"]
[Black "Bojkovic,N"]
[Result "0-1"]
[WhiteElo "2242"]
[BlackElo "2416"]
[EventDate "2003.06.02"]

1. d4 Nf6 2. c4 e6 3. Nc3 Bb4 4. e3 O-O 5. Nge2 d5 6. a3 Be7 7. Nf4 c6 8.
Be2 Nbd7 9. cxd5 exd5 10. O-O Bd6 11. Qc2 Re8 12. Bd3 Nf8 13. Bd2 Qc7 14.
g3 Ng6 15. Ng2 Bh3 16. Rae1 Rad8 17. Bc1 a6 18. Na4 a5 19. f3 Bf8 20. b3
Bd6 21. e4 dxe4 22. fxe4 Bf8 23. Bb2 Qb8 24. Nc5 Qa7 25. Re3 Ng4 26. Ref3
N4e5 27. Rxf7 Bxc5 28. dxc5 Nxf7 29. Qc4 Be6 30. Qc3 Nfe5 31. Bc2 b5 32.
Nf4 b4 33. axb4 axb4 34. Qxb4 Nd7 35. Bd4 Ndf8 36. Qc3 Qe7 37. Rd1 Bg4 38.
Rd3 Qf7 39. b4 Nxf4 40. gxf4 Qxf4 41. Rg3 Ng6 0-1

[Event "IEWCC"]
[Site "Istanbul TUR"]
[Date "2003.06.02"]
[Round "1"]
[White "Vasilevich,T"]
[Black "Richards,H"]
[Result "1-0"]
[WhiteElo "2410"]
[BlackElo "2237"]
[EventDate "2003.06.02"]

1. d4 Nf6 2. c4 c5 3. d5 e6 4. Nc3 exd5 5. cxd5 d6 6. e4 g6 7. f3 Bg7 8.
Be3 O-O 9. Nge2 Nbd7 10. Ng3 Ne5 11. Be2 a6 12. a4 h5 13. O-O Rb8 14. Qd2
Nh7 15. Nh1 f5 16. Nf2 Qe7 17. Rfe1 fxe4 18. Nfxe4 Bd7 19. Kh1 h4 20. f4
Ng4 21. Bg1 Ngf6 22. Bf3 Nxe4 23. Nxe4 Qd8 24. Nxd6 b6 25. Nc4 Qf6 26. Ne5
Be8 27. a5 Rd8 28. axb6 Qxb6 29. Rac1 Rc8 30. d6 Bxe5 31. Bd5+ Kg7 32. fxe5
h3 33. Be3 hxg2+ 34. Bxg2 Rh8 35. d7 1-0

[Event "IEWCC"]
[Site "Istanbul TUR"]
[Date "2003.06.02"]
[Round "1"]
[White "Kouvatsou,M"]
[Black "Dworakowska,J"]
[Result "1-0"]
[WhiteElo "2233"]
[BlackElo "2387"]
[EventDate "2003.06.02"]

1. e4 c5 2. c3 d5 3. exd5 Qxd5 4. d4 Nf6 5. Nf3 g6 6. Be2 Bg7 7. O-O O-O 8.
Ne5 cxd4 9. cxd4 Qd8 10. Bf3 Nd5 11. Nc3 Be6 12. Qe2 Na6 13. Qb5 Ndc7 14.
Qxb7 Qxd4 15. Nc6 Qd7 16. Rd1 Qe8 17. Bf4 Bc8 18. Qb3 Bd7 19. Ne5 Be6 20.
Qa3 g5 21. Bc6 Qc8 22. Bg3 Rb8 23. Nd7 Bxd7 24. Bxd7 Qb7 25. Qxe7 Qxb2 26.
Ne4 h6 27. h4 gxh4 28. Qxh4 f5 29. Nd6 Rb4 30. Qh5 f4 31. Bh4 f3 32. g3 Rd4
33. Nf5 Rxd7 34. Ne7+ Rxe7 35. Bxe7 Rf7 36. Rab1 Qxa2 37. Rd8+ Kh7 38. Re1
Qc4 39. Rd6 Kg8 40. Qg6 Ne8 41. Rxa6 Nc7 42. Rc6 1-0

[Event "IEWCC"]
[Site "Istanbul TUR"]
[Date "2003.06.02"]
[Round "1"]
[White "Mamedjarova,T"]
[Black "Houska,Jo"]
[Result "1-0"]
[WhiteElo "2222"]
[BlackElo "2386"]
[EventDate "2003.06.02"]

1. e4 c6 2. c4 d5 3. exd5 cxd5 4. cxd5 Qxd5 5. Nc3 Qd8 6. Nf3 Nf6 7. Bb5+
Nbd7 8. d4 e6 9. Bf4 Be7 10. O-O O-O 11. d5 exd5 12. Nxd5 Nxd5 13. Qxd5 a6
14. Be2 Nf6 15. Qb3 Qd5 16. Qxd5 Nxd5 17. Be5 Rd8 18. Rfd1 f6 19. Bc4 Be6
20. Bg3 Rac8 21. Bb3 Bf7 22. Nd4 Nb4 23. Nf5 Bf8 24. Bxf7+ Kxf7 25. a3 Nd3
26. Rd2 g6 27. Ne3 Nc1 28. Rxd8 Ne2+ 29. Kf1 Nxg3+ 30. hxg3 Rxd8 31. Rc1
Rd7 32. Ke2 f5 33. Rc2 Bg7 34. Nc4 Ke6 35. Nb6 Re7 36. b4 Bd4 37. Na4 b5
38. Nc3 Rc7 39. Kd3 Be5 40. Nd1 Rxc2 41. Kxc2 g5 42. Kd3 h5 43. Ke3 Kd5 44.
Kd3 Ba1 45. f3 g4 46. Ne3+ Ke6 47. Nd1 Bf6 48. Ne3 Bb2 49. Nc2 Bc1 50. Nd4+
Kf6 51. Ne2 Bxa3 52. Kc3 a5 53. bxa5 Ke6 54. Nd4+ Kd5 55. a6 Bc5 56. Nxb5
Kc6 57. Nd4+ Kb6 58. Nxf5 Bf2 59. Kd3 Kxa6 60. Ke2 Bc5 61. Ng7 Bd4 62. Nxh5
Kb5 63. Kd3 Kc5 64. Ke4 Ba1 65. Kf5 1-0

[Event "IEWCC"]
[Site "Istanbul TUR"]
[Date "2003.06.02"]
[Round "1"]
[White "Matnadze,A"]
[Black "Blazkova,P"]
[Result "1-0"]
[WhiteElo "2386"]
[BlackElo "2218"]
[EventDate "2003.06.02"]

1. d4 Nf6 2. g3 g6 3. Bg2 d5 4. Nf3 Bg7 5. O-O O-O 6. c4 dxc4 7. Na3 Nc6 8.
Nxc4 Be6 9. b3 Bd5 10. Bb2 a5 11. Ne3 Be4 12. a3 Qc8 13. Qc1 Ra6 14. Rd1
Rd8 15. Ne1 Bxg2 16. N1xg2 e6 17. Nf4 Ne7 18. Nc4 Ned5 19. Nd3 Ne4 20. Nc5
Nxc5 21. dxc5 Ra8 22. Bxg7 Kxg7 23. e4 Ne7 24. Qc3+ f6 25. Nxa5 Rxd1+ 26.
Rxd1 b6 27. cxb6 cxb6 28. Qb4 Qc2 29. Qxe7+ Kh6 30. Rd4 bxa5 31. Qxf6 Qc1+
32. Kg2 Qc6 33. Qf4+ Kg7 34. Rc4 1-0

[Event "IEWCC"]
[Site "Istanbul TUR"]
[Date "2003.06.02"]
[Round "1"]
[White "Polovnikova,E"]
[Black "Flear,C"]
[Result "1-0"]
[WhiteElo "2383"]
[BlackElo "2213"]
[EventDate "2003.06.02"]

1. e4 c5 2. Nf3 e6 3. c3 Nf6 4. e5 Nd5 5. d4 cxd4 6. cxd4 d6 7. Bc4 Nd7 8.
O-O N7b6 9. Bd3 dxe5 10. dxe5 Be7 11. a3 Bd7 12. Qe2 Rc8 13. g3 a6 14. Nbd2
Na4 15. Ne4 Nc5 16. Nxc5 Rxc5 17. Bd2 Bb5 18. Bxb5+ Rxb5 19. b4 Nb6 20. Be3
O-O 21. Rfd1 Rd5 22. Bxb6 Qxb6 23. Rxd5 exd5 24. Rd1 Rd8 25. Nd4 g6 26. Nb3
Qe6 27. Qe3 f6 28. exf6 Qxf6 29. Rd4 Bf8 30. Rf4 Qe7 31. Qb6 Bh6 32. Rf3
Rf8 33. Rxf8+ Bxf8 34. Nd4 Qe1+ 35. Kg2 Qe4+ 36. f3 Qe3 37. Qe6+ Qxe6 38.
Nxe6 Bd6 39. f4 b6 40. Kf3 h6 41. Ke3 Kf7 42. Nd8+ Ke7 43. Nb7 Bc7 44. Kd4
Ke6 45. a4 g5 46. fxg5 Be5+ 47. Kd3 Kd7 48. gxh6 Kc7 49. g4 Kxb7 50. g5 Bf4
51. h4 Bc1 52. h7 Bb2 53. h5 Be5 54. h6 1-0

[Event "IEWCC"]
[Site "Istanbul TUR"]
[Date "2003.06.02"]
[Round "1"]
[White "Kadziolka,B"]
[Black "Slavina,I"]
[Result "1-0"]
[WhiteElo "2206"]
[BlackElo "2381"]
[EventDate "2003.06.02"]

1. d4 f5 2. c4 Nf6 3. Nc3 g6 4. h4 Bg7 5. h5 d6 6. hxg6 hxg6 7. Rxh8+ Bxh8
8. Bg5 Nc6 9. d5 Ne5 10. Nh3 c6 11. e3 Qa5 12. Qd2 Bd7 13. O-O-O Rc8 14.
Kb1 cxd5 15. cxd5 Qb4 16. f3 Rc5 17. Bxf6 Bxf6 18. Ne4 Qxd2 19. Nxf6+ Kf7
20. Rxd2 Kxf6 21. Be2 Nf7 22. f4 g5 23. g3 Ba4 24. b3 Bd7 25. Kb2 a5 26. a3
Rc8 27. Rc2 Rh8 28. Bf1 gxf4 29. exf4 Rg8 30. Rc3 e5 31. dxe6 Bxe6 32. Bg2
b5 33. Ng1 a4 34. bxa4 bxa4 35. Ne2 Rb8+ 36. Kc1 Ba2 37. Nd4 Rb1+ 38. Kc2
d5 39. Bxd5 Ra1 40. Kb2 Rd1 41. Rc6+ Ke7 42. Bxa2 Rxd4 43. Rc7+ Ke8 44.
Bxf7+ Kd8 45. Ra7 Rd2+ 46. Kc3 Rg2 47. Rxa4 Rxg3+ 48. Kd4 Ke7 49. Bd5 Rg1
50. Ra7+ Kf6 51. Ra6+ Ke7 52. Ke5 Rd1 53. Ra7+ Ke8 54. Be6 1-0

[Event "IEWCC"]
[Site "Istanbul TUR"]
[Date "2003.06.02"]
[Round "1"]
[White "Socko,M"]
[Black "Gerasimovitch,O"]
[Result "1-0"]
[WhiteElo "2381"]
[BlackElo "2200"]
[EventDate "2003.06.02"]

1. d4 d5 2. c4 c6 3. cxd5 cxd5 4. Nc3 Nf6 5. Bf4 Nc6 6. e3 a6 7. Bd3 Bg4 8.
Nge2 e6 9. Qb3 Na5 10. Qa4+ Nc6 11. Qb3 Na5 12. Qc2 Rc8 13. O-O b5 14. Bg5
Bb4 15. Ng3 Bd6 16. f3 Bxg3 17. hxg3 Bh5 18. b4 Nc4 19. a4 Qb6 20. axb5
axb5 21. Bxc4 bxc4 22. Qa4+ Nd7 23. g4 Bg6 24. Bf4 f6 25. Bg3 Bf7 26. Rfd1
e5 27. Bf2 Qb7 28. e4 O-O 29. exd5 exd4 30. Bxd4 Ne5 31. Bxe5 fxe5 32. Qb5
Qxb5 33. Nxb5 Rb8 34. Na7 Be8 35. Rab1 Rf6 36. b5 c3 37. Rbc1 Bxb5 38. Rxc3
Rf7 39. Nxb5 Rxb5 40. d6 Rd7 41. Rc7 Rd8 42. Ra1 h6 43. Raa7 Rxd6 44. Rxg7+
Kf8 45. Rgc7 Rb8 46. Rf7+ Kg8 47. Rfe7 Rd5 48. Re6 h5 49. gxh5 e4 50. Rxe4
Rxh5 51. g4 Rc5 52. Kg2 Rf8 53. Ree7 Rfc8 54. Kg3 Rc3 55. g5 Rc1 56. f4
Rg1+ 57. Kf3 Rf1+ 58. Kg4 Rg1+ 59. Kf5 Rc5+ 60. Kf6 Rc6+ 61. Re6 Rc8 62. f5
Rf1 63. Kg6 Rf8 64. Rf6 Rb8 65. Rff7 1-0

[Event "IEWCC"]
[Site "Istanbul TUR"]
[Date "2003.06.02"]
[Round "1"]
[White "Sasu Ducsoara,An"]
[Black "Dzagnidze,N"]
[Result "0-1"]
[WhiteElo "2193"]
[BlackElo "2376"]
[EventDate "2003.06.02"]

1. e4 c5 2. Nf3 d6 3. d4 cxd4 4. Nxd4 Nf6 5. Nc3 a6 6. Bg5 e6 7. f4 Qb6 8.
Nb3 Nbd7 9. Qf3 Be7 10. O-O-O Qc7 11. Bd3 h6 12. Bh4 g5 13. fxg5 Ne5 14.
Qf2 Nfg4 15. Qd2 Ng6 16. g3 hxg5 17. Bxg5 Bxg5 18. Qxg5 Nf2 19. e5 Qe7 20.
Qd2 Nxd1 21. exd6 Qf8 22. Rxd1 Qh6 23. Bxg6 Qxd2+ 24. Rxd2 fxg6 25. Nc5 Bd7
26. Nxb7 Rf8 27. Nc5 O-O-O 28. N3e4 Rf5 29. c4 a5 30. Kc2 g5 31. a3 g4 32.
b4 Bc6 33. b5 Bxe4+ 34. Nxe4 Re5 35. Kd3 Rf8 36. Kd4 Rh5 37. Rf2 Rxf2 38.
Nxf2 Rxh2 39. Nxg4 Ra2 40. Ne5 Rxa3 41. g4 a4 42. Kc5 Re3 43. Nc6 a3 44.
Nb4 Rb3 45. Nc2 a2 46. b6 Rb2 47. Na1 Rb1 48. Nc2 Rc1 0-1

[Event "IEWCC"]
[Site "Istanbul TUR"]
[Date "2003.06.02"]
[Round "1"]
[White "Ciuksyte,D"]
[Black "Kharashkina,B"]
[Result "1-0"]
[WhiteElo "2375"]
[BlackElo "2182"]
[EventDate "2003.06.02"]

1. e4 e6 2. d4 d5 3. Nd2 dxe4 4. Nxe4 Nf6 5. Nxf6+ Qxf6 6. Nf3 h6 7. Bd3 c5
8. O-O Nc6 9. Be3 Be7 10. c3 cxd4 11. Nxd4 Bd7 12. Nb5 O-O 13. Bc2 Rfd8 14.
Qd3 g6 15. Qe2 Bf8 16. Rfd1 Bg7 17. Rd2 e5 18. Rad1 Be6 19. Nc7 Rxd2 20.
Rxd2 Rc8 21. Nxe6 Qxe6 22. Bb3 Qe7 23. Qg4 Rd8 24. Rxd8+ Nxd8 25. Qxg6 Kf8
26. Qf5 b6 27. h3 Qd6 28. a4 Ke7 29. Qc8 Ne6 30. a5 Nc5 31. Bc2 Nd7 32. Qb7
bxa5 33. Qxa7 Qd5 34. Ba4 f5 35. Bb6 e4 36. Bxa5 Be5 37. Bb4+ 1-0

[Event "IEWCC"]
[Site "Istanbul TUR"]
[Date "2003.06.02"]
[Round "1"]
[White "Cedikova,K"]
[Black "Shumiakina,T"]
[Result "0-1"]
[WhiteElo "2181"]
[BlackElo "2373"]
[EventDate "2003.06.02"]

1. d4 d5 2. c4 c6 3. Nf3 Nf6 4. Nc3 e6 5. Bg5 h6 6. Bxf6 Qxf6 7. e3 Nd7 8.
Be2 dxc4 9. Bxc4 g6 10. O-O Bg7 11. Rc1 O-O 12. Bb3 Qe7 13. Qe2 b6 14. Rfd1
Bb7 15. e4 Rfd8 16. e5 Rab8 17. h4 c5 18. d5 exd5 19. Rxd5 Nf8 20. h5 g5
21. Re1 Ne6 22. g3 Ba8 23. a4 Nd4 24. Nxd4 cxd4 25. e6 fxe6 26. Rxd8+ Rxd8
27. Bxe6+ Kh8 28. Nb5 d3 29. Qd2 Qb7 30. f3 Qxf3 31. g4 Qh1+ 32. Kf2 Qg2+
0-1

[Event "IEWCC"]
[Site "Istanbul TUR"]
[Date "2003.06.02"]
[Round "1"]
[White "Kononenko,T"]
[Black "Stiri,A"]
[Result "1-0"]
[WhiteElo "2370"]
[BlackElo "2178"]
[EventDate "2003.06.02"]

1. d4 Nf6 2. c4 c5 3. d5 e6 4. Nc3 exd5 5. cxd5 d6 6. Nf3 g6 7. Bf4 a6 8.
a4 Bg7 9. e4 Bg4 10. Be2 O-O 11. O-O Bxf3 12. Bxf3 Qe7 13. e5 dxe5 14. d6
Qd7 15. Bxe5 Nc6 16. Bxf6 Bxf6 17. Ne4 Qf5 18. Re1 Bd4 19. Bg4 Qe5 20. Rc1
f5 21. Nxc5 Qxd6 22. Nxb7 Bxf2+ 23. Kxf2 fxg4+ 24. Kg1 Qxd1 25. Rexd1 Rab8
26. Rd7 Nd4 27. Rxd4 Rxb7 28. b4 Rfb8 29. Rcc4 g3 30. hxg3 Kg7 31. Kf2 Rf8+
32. Ke2 Rf6 33. Rf4 Re6+ 34. Rce4 Reb6 35. Rd4 g5 36. Rfe4 h6 37. g4 Kg6
38. a5 Rf6 39. Rd8 Rbf7 40. Kd3 Rf2 41. Rd6+ Kg7 42. Rxa6 Rxg2 43. Rd6 Rb7
44. a6 Rg3+ 45. Kc4 Ra7 46. Rb6 Kf8 47. Rb8+ 1-0

[Event "IEWCC"]
[Site "Istanbul TUR"]
[Date "2003.06.02"]
[Round "1"]
[White "Ionescu Brandis,I"]
[Black "Hagesaether,E"]
[Result "1-0"]
[WhiteElo "2366"]
[BlackElo "2166"]
[EventDate "2003.06.02"]

1. e4 d6 2. d4 Nf6 3. Nc3 g6 4. g3 Bg7 5. Bg2 O-O 6. Nge2 e5 7. O-O c6 8.
a4 a5 9. h3 Na6 10. Be3 Nb4 11. Qd2 Qd7 12. g4 h5 13. g5 Nh7 14. f4 exf4
15. Bxf4 Qe7 16. Rae1 Rd8 17. Nd1 Nf8 18. c3 Na6 19. Nf2 b5 20. d5 Nc5 21.
Nd4 Bxd4 22. cxd4 Nxa4 23. dxc6 Ne6 24. b3 Nb6 25. d5 Nxf4 26. Qxf4 a4 27.
e5 Bf5 28. exd6 Qxd6 29. Re8+ Kh7 30. Qxd6 Rxd6 31. Rxa8 Nxa8 32. bxa4 bxa4
33. Ne4 Rd8 34. d6 Kg7 35. c7 Rf8 36. Nc5 Nb6 37. Nxa4 Nxa4 38. Rxf5 Nb6
39. Rb5 1-0

[Event "IEWCC"]
[Site "Istanbul TUR"]
[Date "2003.06.02"]
[Round "1"]
[White "Lauterbach,I"]
[Black "Zimina,O"]
[Result "0-1"]
[WhiteElo "2144"]
[BlackElo "2358"]
[EventDate "2003.06.02"]

1. e4 c6 2. d3 d5 3. Nd2 e5 4. Ngf3 Bd6 5. g3 Nf6 6. Bg2 O-O 7. O-O Nbd7 8.
c3 Re8 9. Re1 a5 10. a4 Qc7 11. Qc2 Bf8 12. Nf1 dxe4 13. dxe4 Nc5 14. Bg5
Nfd7 15. Bd2 Nb6 16. Ne3 Be6 17. c4 Nbd7 18. Ng5 h6 19. Nxe6 Nxe6 20. Bc3
Rad8 21. b3 g6 22. Red1 Bg7 23. Rab1 Nd4 24. Qa2 Nc5 25. b4 Nxa4 26. Be1 b5
27. cxb5 cxb5 28. Nd5 Qc4 29. Qxc4 bxc4 30. bxa5 c3 31. Ne3 Nb2 32. Bxc3
Ne2+ 33. Kf1 Nxd1 34. Nxd1 Rxd1+ 35. Rxd1 Nxc3 36. Rc1 Nb5 37. Bh3 Ra8 38.
Kg2 Bf8 39. Ra1 Bc5 40. Bd7 Bd4 41. Ra2 Na7 42. a6 Rd8 43. Ba4 Rb8 44. f4
Rb6 45. Bc2 Kf8 46. Kf3 Ke7 47. fxe5 Bxe5 48. Ra5 f6 49. Bd3 Rb3 50. Rd5
Nc6 51. Ke2 Nb4 52. Ra5 Rb2+ 53. Ke3 Nc6 54. Ra4 Bd4+ 55. Kf3 Ne5+ 56. Kf4
Rf2+ 0-1

[Event "IEWCC"]
[Site "Istanbul TUR"]
[Date "2003.06.02"]
[Round "1"]
[White "Kopinits,A"]
[Black "Voiska,M"]
[Result "0-1"]
[WhiteElo "2127"]
[BlackElo "2354"]
[EventDate "2003.06.02"]

1. e4 d6 2. d4 Nf6 3. Nc3 e5 4. dxe5 dxe5 5. Qxd8+ Kxd8 6. Bg5 Nbd7 7. Nd5
c6 8. Nxf6 gxf6 9. Bh4 Rg8 10. g3 Be7 11. O-O-O Ke8 12. Bh3 Nc5 13. Bxc8
Rxc8 14. f3 Rg6 15. g4 Rd8 16. Rxd8+ Bxd8 17. Ne2 Ne6 18. c3 Bb6 19. Kd2
Rh6 20. Bg3 Rh3 21. Nc1 h5 22. gxh5 Rxh5 23. Nd3 Ng5 24. Ke2 Nh3 25. f4
exf4 26. Nxf4 Nxf4+ 27. Bxf4 f5 28. e5 Ke7 29. Kf3 Ke6 30. Re1 Bc7 31. Re2
Rh8 32. c4 Rd8 33. b3 a5 34. Kg2 a4 35. h4 axb3 36. axb3 Rh8 37. Kg3 Bd8
38. Rh2 Rh5 39. Kf3 Rxh4 40. Rd2 Bc7 41. Bg3 Re4 42. Rh2 Bxe5 43. Bxe5 Kxe5
44. Rh7 f4 45. Rxf7 Re3+ 46. Kg4 Rg3+ 47. Kh4 Rxb3 48. c5 Ke4 49. Kg4 Rg3+
50. Kh4 Rc3 51. Rxb7 Kf3 52. Rb1 Rxc5 53. Rf1+ Ke3 54. Kg4 Rc4 55. Rf3+ Ke2
56. Ra3 c5 57. Ra2+ Ke3 58. Ra3+ Ke4 59. Rf3 Ke5 60. Rd3 Rd4 61. Rc3 c4 62.
Ra3 Rd3 63. Ra8 Rg3+ 64. Kh4 c3 65. Re8+ Kd4 66. Rf8 Rf3 67. Kg4 Rf1 68.
Rd8+ Ke3 69. Re8+ Kd2 70. Rd8+ Kc1 71. Kh3 c2 72. Kg2 Rd1 73. Rb8 Rd3 0-1